000 00602nam a22001217a 4500
040 _cRUA
082 _aAVM PEC 2025 B705 Or.1
100 _aPECH VIREAK, ប៉ិច វិរៈ
245 _aCase of salmonella spp. on pork in market at prasat commune, kampong trabek district, prey veng province, ករណី SALMONELLA SPP. លើសាច់ជញរូកនៅផ្សារ ក្នុងឃុំប្រាសាទ ស្រុកកំពង់ត្របែក ខេត្តព្រៃវែង
260 _aPHNOM PENH
_bRUA
_c2025
300 _ax,48p.
_bill.
_c29cm.
942 _cAVM
999 _c25821
_d25821